000 00534nam a22001937a 4500
999 _c3578
_d3578
003 OSt
005 20181115112942.0
008 181115b ||||| |||| 00| 0 eng d
020 _a1888361522
040 _cDLC
082 _a231.73
_bC952M
100 _aSchambach, R.W.
245 _aMiracles 2:
_b"Greater Miracles" /
_cBy R.W. Schambach.[Foreward By Paul F. Crouch]
260 _aTexas, USA :
_bR.W. Schambach,
_cc2003.
300 _a144 p.:
650 _aMiracles
_xSalvation
650 _aDeliverance
_xHealing
942 _2ddc
_cBK